| 000 | 00510nam a22001577a 4500 | ||
|---|---|---|---|
| 003 | NUST | ||
| 082 | _a200 | ||
| 100 |
_aSharif, Marium _9109147 |
||
| 245 |
_aUrdu Handwriting Generation using Generative Adversarial Networks/ _cMarium Sharif, |
||
| 264 |
_aIslamabad : _bSEECS, NUST, _c2023. |
||
| 300 |
_a68 p. ; _c30 cm. |
||
| 650 |
_aMS-Electrical Engineering _923567 |
||
| 700 |
_aSupervisor:Dr. Faisal Shafait _996684 |
||
| 856 | _uhttp://10.250.8.41:8080/xmlui/handle/123456789/32339 | ||
| 942 |
_2ddc _cSC |
||
| 999 |
_c593325 _d593325 |
||